[Event "9.th Korbach B Open"]
[Site "Korbach"]
[Date "2017.10.22"]
[Round "7.27"]
[White "Wagener, Friedrich"]
[Black "Bayer, Oliver"]
[Result "1-0"]
[WhiteElo "1493"]
[BlackElo "1670"]
[PlyCount "87"]
[EventDate "2017.10.19"]
[EventType "swiss"]
[EventRounds "7"]
[EventCountry "GER"]
[SourceDate "2017.10.24"]

1. e4 e5 2. Bc4 Bc5 3. b4 Bb6 4. Nf3 d6 5. a4 a6 6. c3 Nf6 7. Qe2 Bg4 8. h3 Bh5
9. O-O Nc6 10. d3 O-O 11. Be3 Re8 12. a5 Ba7 13. Bxa7 Rxa7 14. Nbd2 d5 15. Ba2
dxe4 16. Nxe4 Nxe4 17. Qxe4 Bxf3 18. Qxf3 Qe7 19. Rfe1 Raa8 20. Re4 Kh8 21.
Qxf7 Qxf7 22. Bxf7 Re7 23. Bd5 Rd7 24. Bxc6 bxc6 25. Rd1 Re8 26. f4 Rde7 27.
Rde1 Kg8 28. Rxe5 Rxe5 29. Rxe5 Rd8 30. d4 Kf7 31. g4 g6 32. Kf2 Kf6 33. g5+
Kf7 34. h4 Rd7 35. Ke3 Rd8 36. Kd3 Rd6 37. f5 gxf5 38. Rxf5+ Kg6 39. Re5 Kf7
40. Kc4 Rg6 41. Rf5+ Kg7 42. Rf6 Rxf6 43. gxf6+ Kxf6 44. Kc5 1-0

[Event "9.th Korbach B Open"]
[Site "Korbach"]
[Date "2017.10.22"]
[Round "7.28"]
[White "Barchfeld, Peter"]
[Black "Warter, Simon"]
[Result "1-0"]
[WhiteElo "1571"]
[BlackElo "1410"]
[PlyCount "57"]
[EventDate "2017.10.19"]
[EventType "swiss"]
[EventRounds "7"]
[EventCountry "GER"]
[SourceDate "2017.10.24"]

1. e4 e5 2. Nf3 Nc6 3. Bb5 a6 4. Ba4 Nf6 5. O-O b5 6. Bb3 Bc5 7. c3 d6 8. d3
O-O 9. h3 Be6 10. Bc2 Re8 11. d4 exd4 12. cxd4 Bc4 13. Re1 Bb4 14. Bd2 Bxd2 15.
Nbxd2 Nb4 16. Nxc4 bxc4 17. Bb1 Nc6 {Remisangebot} 18. Qa4 Nb8 19. Qxc4 d5 20.
exd5 Rxe1+ 21. Nxe1 Qxd5 22. Qxd5 Nxd5 23. Be4 c6 24. Rc1 g6 25. Bxd5 cxd5 26.
Rc8+ Kg7 27. Nc2 a5 28. Ne3 Kf6 29. Nxd5+ 1-0

[Event "9.th Korbach B Open"]
[Site "Korbach"]
[Date "2017.10.22"]
[Round "7.29"]
[White "Deutsch, Oliver"]
[Black "Clement, Marc"]
[Result "1-0"]
[WhiteElo "1408"]
[BlackElo "1561"]
[PlyCount "41"]
[EventDate "2017.10.19"]
[EventType "swiss"]
[EventRounds "7"]
[EventCountry "GER"]
[SourceDate "2017.10.24"]

1. e4 c5 2. Nf3 d6 3. Bb5+ Bd7 4. Bxd7+ Qxd7 5. d4 cxd4 6. Nxd4 Nf6 7. Nc3 e6
8. O-O Be7 9. Re1 O-O 10. Bf4 e5 11. Bxe5 dxe5 12. Nf5 Qxd1 13. Nxe7+ Kh8 14.
Raxd1 Re8 15. Ned5 Nxd5 16. Nxd5 Na6 17. Rd2 Rac8 18. Nc3 Nc5 19. Nb5 Rcd8 20.
Nd6 Re7 21. Nxf7+ 1-0

[Event "9.th Korbach B Open"]
[Site "Korbach"]
[Date "2017.10.22"]
[Round "7.31"]
[White "Langhammer, Joerg"]
[Black "Fliegner, Thomas"]
[Result "1/2-1/2"]
[WhiteElo "1732"]
[BlackElo "1594"]
[PlyCount "59"]
[EventDate "2017.10.19"]
[EventType "swiss"]
[EventRounds "7"]
[EventCountry "GER"]
[SourceDate "2017.10.24"]

1. e4 c6 2. d4 d5 3. exd5 cxd5 4. Bd3 Nc6 5. c3 Qc7 6. h3 g6 7. Nf3 Bg7 8. O-O
Bf5 9. a4 Bxd3 10. Qxd3 Nf6 11. Nbd2 O-O 12. Re1 e6 13. Ne5 Rfc8 14. Ndf3 Ne4
15. Bf4 Nd6 16. Ng4 Qd8 17. Nh6+ Bxh6 18. Bxh6 Nf5 19. Bg5 Qb6 20. Bf6 Na5 21.
g4 Ng7 22. Qe3 Ne8 23. Be7 Qc7 24. Bb4 Qd8 25. Ng5 Nc4 26. Qf4 Qf6 27. Qxf6
Nxf6 28. Be7 Nd7 29. b3 Na5 30. Bb4 1/2-1/2

[Event "9.th Korbach B Open"]
[Site "Korbach"]
[Date "2017.10.22"]
[Round "7.32"]
[White "Margraf, Dieter"]
[Black "Unruh, Hartmut"]
[Result "0-1"]
[WhiteElo "1441"]
[BlackElo "1518"]
[PlyCount "68"]
[EventDate "2017.10.19"]
[EventType "swiss"]
[EventRounds "7"]
[EventCountry "GER"]
[SourceDate "2017.10.24"]

1. d4 Nf6 2. Nf3 g6 3. Bf4 Nh5 4. Bg3 d6 5. e3 Bg7 6. c3 c6 7. Bd3 Qb6 8. Qc2
Nd7 9. Nbd2 O-O 10. Bh4 Re8 11. g4 Nhf6 12. h3 Nd5 13. Bg3 e5 14. O-O-O a5 15.
Rde1 Qc7 16. e4 Nf4 17. Bxf4 exf4 18. a4 b6 19. Qb3 Ba6 20. Bxa6 Rxa6 21. Qc4
Raa8 22. Re2 Qb7 23. Rhe1 b5 24. Qb3 Rab8 25. Ng5 Rf8 26. axb5 Qxb5 27. Qxb5
cxb5 28. Ngf3 a4 29. e5 dxe5 30. Nxe5 Nxe5 31. dxe5 Rfd8 32. f3 Rbc8 33. Re4
Rd5 34. Kc2 Rcd8 0-1

[Event "9.th Korbach B Open"]
[Site "Korbach"]
[Date "2017.10.22"]
[Round "7.33"]
[White "Dessens, John"]
[Black "De Heij, Mees"]
[Result "0-1"]
[WhiteElo "1318"]
[BlackElo "1343"]
[PlyCount "38"]
[EventDate "2017.10.19"]
[EventType "swiss"]
[EventRounds "7"]
[EventCountry "GER"]
[SourceDate "2017.10.24"]

1. e4 e5 2. Nf3 Nc6 3. Nc3 Nf6 4. Bb5 Bb4 5. d3 d6 6. Bd2 a6 7. Bxc6+ bxc6 8.
h3 O-O 9. O-O h6 10. a3 Bc5 11. Ne2 Be6 12. c3 Rb8 13. b4 Ba7 14. d4 Nxe4 15.
dxe5 dxe5 16. Be3 Bxe3 17. fxe3 Qxd1 18. Rfxd1 Bc4 19. Nc1 Nxc3 0-1

[Event "9.th Korbach B Open"]
[Site "Korbach"]
[Date "2017.10.22"]
[Round "7.34"]
[White "Moderow, Ramon"]
[Black "Eurich, Eva"]
[Result "1-0"]
[WhiteElo "1516"]
[BlackElo "1084"]
[PlyCount "53"]
[EventDate "2017.10.19"]
[EventType "swiss"]
[EventRounds "7"]
[EventCountry "GER"]
[SourceDate "2017.10.24"]

1. e4 e5 2. Nf3 d6 3. d4 Bg4 4. Be3 Nf6 5. h3 Bh5 6. Nc3 c6 7. dxe5 dxe5 8.
Qxd8+ Kxd8 9. O-O-O+ Kc7 10. g4 Bg6 11. Nxe5 Bxe4 12. Nxe4 Nxe4 13. Nxf7 Rg8
14. Bf4+ Kb6 15. Rd8 g5 16. Bxb8 Nxf2 17. Rh2 Ne4 18. Bc7+ Kxc7 19. Rxa8 Nf6
20. Rd2 Nd7 21. Rd8 Rg7 22. R2xd7+ Kb6 23. Rxf8 Rg6 24. Nd6 Re6 25. Rxb7+ Kc5
26. Re8 Rxd6 27. Rxh7 1-0